00498nam a2200181Ia 4500008004100000020001800041082000800059100002000067245003300087250000600120260002800126300001000154500002400164650001400188942000700202952009000209999001700299230524s9999 xx 000 0 und d a9789350140420 bGIL aP.S.Gill942027 2aA Text Book of Automobile-II a2 aNew DelhibKatsonc2012 a874p: aQuantity Number: 1 aMechanics cBK 00104070aTATCLbTATCLcGENd2023-05-24l0o GILp53883r2023-05-24w2023-05-24yBK c56444d56444